书目信息 |
| 题名: |
会计电算化实训指导
|
|
| 作者: | 张凯,陈杰主编 | |
| 分册: | ||
| 出版信息: | 广州 华南理工大学出版社 2006.02 |
|
| 页数: | 215页 | |
| 开本: | 24cm | |
| 丛书名: | ||
| 单 册: | ||
| 中图分类: | F232 | |
| 科图分类: | ||
| 主题词: | 计算机应用-会计-高等学校:技术学校-教材 | |
| 电子资源: | ||
| ISBN: | 7-5623-2337-2 | |
| 000 | 00874nam0 2200229 45 | |
| 001 | 010466228980 | |
| 005 | 20060622160932.51 | |
| 010 | @a7-5623-2337-2@dCNY25.00 | |
| 100 | @a20060409d2006 ekmy0 y0120 ea | |
| 102 | @aCN@b440000 | |
| 105 | @ay z 000yy | |
| 200 | 1 | @a会计电算化实训指导@f张凯,陈杰主编 |
| 210 | @a广州@c华南理工大学出版社@d2006.02 | |
| 215 | @a215页@d24cm | |
| 300 | @a21世纪高职高专院校会计专业联编教材 | |
| 330 | @a本书是与《会计电算化教程》同步使用的教材,主要介绍了用友财务软件的操作和应用。会计软件选用目前国内应用面最广的用友ERP-U805,系统介绍各个模块的主要功能、应用,并且在相应章节后面配备了完整的实训资料,能够较好地满足会计电算化实训教学的需要。 | |
| 606 | 1 | @a计算机应用-会计-高等学校:技术学校-教材 |
| 690 | @aF232@v4 | |
| 701 | 0 | @a张凯,陈杰主编 |
| 801 | 0 | @aCN@b安徽儒林@c20060622 |
| 905 | @dF232@eZ133 | |
| 906 | @dCNY25.00@n3@r1 | |
| 会计电算化实训指导/张凯,陈杰主编.-广州:华南理工大学出版社,2006.02 |
| 215页;24cm |
| 21世纪高职高专院校会计专业联编教材 |
| ISBN 7-5623-2337-2:CNY25.00 |
| 本书是与《会计电算化教程》同步使用的教材,主要介绍了用友财务软件的操作和应用。会计软件选用目前国内应用面最广的用友ERP-U805,系统介绍各个模块的主要功能、应用,并且在相应章节后面配备了完整的实训资料,能够较好地满足会计电算化实训教学的需要。 |
| ● |
| 相关链接 |
|
|
|
正题名:会计电算化实训指导
索取号:F232/Z133
 
预约/预借
| 序号 | 登录号 | 条形码 | 馆藏地/架位号 | 状态 | 备注 |
| 1 | 586743 | 205867436 | 社科二线422/422社科库 4排2列1层/ [索取号:F232/Z133] | 在馆 | |
| 2 | 586744 | 205867445 | 社科二线422/422社科库 4排2列1层/ [索取号:F232/Z133] | 在馆 | |
| 3 | 586745 | 205867454 | 社科库409/409社科库 76排4列1层/ [索取号:F232/Z133] | 在馆 |